Music Quiz

Random Music or Artist Quiz

Musicians by License Plate Quiz Stats

 Plays Quiz not verified by Sporcle

Challenge
Share
Tweet
Embed
Score 0/20 Timer 05:00
0 Plays Today
Vanity Plate(s) Artist / Band % Correct
HOUNDOG
LVMTNDR
THEKING
Elvis Presley
95.6%
BKOWHTE
KINGOPOP
NVRLAND
Michael Jackson
94%
SLMSHDY
LSURSLF
8 MILE
Eminem
92.6%
DNCQUEN
WATRLOO
MAMAMIA
ABBA
91.9%
DKSDMOON
THEWALL
WSHUHRE
Pink Floyd
89.6%
CNDLWND
RCKTMAN
TNYDNCR
Elton John
89.6%
BRN2RUN
THEBOSS
ESTRTBND
Bruce Springsteen
88.1%
HWY2HLL
TEENTEE
BKINBLK
AC/DC
87.8%
BDRLINE
LKAVRGN
MTRLGRL
Madonna
87.3%
PIANOMN
MOVNOUT
CPTNJCK
Billy Joel
86.5%
Vanity Plate(s) Artist / Band % Correct
LYINGIS
HOTELCA
DSPERDO
The Eagles
85%
DVEMYCR
LCYINSKY
FABFOUR
The Beatles
83.6%
JNIEGUN
DUDLADY
LVELVTR
Aerosmith
81.5%
BBORLEY
MYGNRTN
PBLWZRD
The Who
80.5%
MSTRPPTZ
SANDMAN
H8NPSTR
Metallica
80.3%
AMRCNIDT
BSKTCSE
GDRDDNC
Green Day
76.4%
BLKTHAT
KRPTNTE
BETRLFE
3 Doors Down
61.8%
HDR2BRH
WILBLVD
THISLVE
Maroon 5
54%
MYSTWYZ
0101DAY
PRDEMLK
U2
44%
SNG4LNLY
STRGENUF
DRKLADY
Cher
15.9%

You're not logged in!

Compare scores with friends on all Sporcle quizzes.
Join for Free
OR
Log In

You Might Also Like...

Show Comments

Extras

Top Quizzes Today


Score Distribution

Your Account Isn't Verified!

In order to create a playlist on Sporcle, you need to verify the email address you used during registration. Go to your Sporcle Settings to finish the process.

Report this User

Report this user for behavior that violates our Community Guidelines.

Details: